Statistics for Current Undrafted NHL Players

Click here to take the quiz!

General Stats

  • This quiz has been taken 58 times
    (7 since last reset)
  • The average score is 6 of 29

Answer Stats

PositionCurrent TeamAnswer% Correct
ForwardNew York RangersArtemi Panarin
86%
ForwardVegas Golden KnightsJohnathan Marchessault
43%
ForwardMinnesota WildMats Zuccarello
43%
DefensemenSt. Louis BluesTorey Krug
43%
ForwardSeattle KrakenYanni Gourde
43%
GoalieColorado AvalancheAlexander Georgiev
29%
ForwardNew York RangersBarclay Goodrow
29%
ForwardSeattle KrakenBrandon Tanev
29%
DefensemenWinnipeg JetsNate Schmidt
29%
DefensemenPhiladelphia FlyersSean Walker
29%
ForwardTampa Bay LightningTanner Jeannot
29%
ForwardChicago BlackhawksTyler Johnson
29%
GoalieCarolina HurricanesAntti Raanta
14%
DefensemenOttawa SenatorsArtem Zub
14%
DefensemenWinnipeg JetsBrendon Dillon
14%
ForwardWashington CapitalsConor Sheary
14%
ForwardVancouver CanucksIlya Mikheyev
14%
DefensemenToronto Maple LeafsMark Giordano
14%
ForwardDallas StarsMason Marchment
14%
DefensemenWinnipeg JetsNeal Pionk
14%
ForwardSan Jose SharksNico Sturm
14%
DefensemenChicago BlackhawksNikita Zaitsev
14%
ForwardColorado AvalanchePierre Edouard Bellemare
14%
GoalieFlorida PanthersSergei Bobrovsky
14%
ForwardLos Angeles KingsTrevor Moore
14%
ForwardSan Jose SharksAlexander Barabonov
0%
DefensemenCarolina HurricanesDylan Coghlan
0%
ForwardDallas StarsJoel Kiviranta
0%
ForwardPittsburgh PenguinsNoel Acclari
0%

Score Distribution

Percentile by Number Answered

Percent of People with Each Score

Your Score History

You have not taken this quiz since the last reset